000 00921 a2200193 4500
003 NUST
005 20230606174130.0
010 _a 83083114
020 _a0894351036
040 _cNust
082 0 0 _a005.74,GOR
100 1 _aGorman, Michael M.
_936848
245 1 0 _aManaging database :
_bfour critical factors /
_cMichael M. Gorman.
260 _aWellesley, Mass. :
_bQED Information Sciences,
_cc1984.
300 _axii, 243 p. ;
_bill. ;
_c24 cm.
505 _aRationale For Database (Page-1), Technical Viewpoint (Page-15), Staffing Viewpoint (Page-41), Database And Data Administration (Page-53), The Project Viewpoint (Page-59), The Conceptual Specification Phase (Page-71), Implementation Phase (Page-101), Production And Administration Phase (Page-123), The DBMS Viewpoint (Page-133), Controlling Database Risk (Page-189), Summary (Page-205).
650 0 _aDatabase management.
942 _2ddc
_cBK
_k005.74,GOR
999 _c180193
_d180193